Последние Каролинги: исторический роман

Opis bibliograficzny
1. autor: Говоров А. А. Александр Алексеевич
Kolejni autorzy: Калиновский Г. (иллюстратор)
Streszczenie:Исключено из фонда НТБ ТПУ
Język:rosyjski
Wydane: Москва, Детская литература, 1982
Wydanie:2-е изд.
Format: MixedMaterials Książka
KOHA link:https://koha.lib.tpu.ru/cgi-bin/koha/opac-detail.pl?biblionumber=135957

MARC

LEADER 00000nam0a2200000 4500
001 135957
005 20231031140300.0
020 |a RU  |b 82-6865 
035 |a (RuTPU)RU\TPU\book\147340 
090 |a 135957 
100 |a 20080417d1982 d y0rusy5003 ca 
101 0 |a rus 
102 |a RU 
105 |a a z 000ay 
200 1 |a Последние Каролинги  |e исторический роман  |f А. А. Говоров  |g худож. Г. Калиновский 
205 |a 2-е изд. 
210 |a Москва  |c Детская литература  |d 1982 
215 |a 255 с.  |c ил.  |d 21 см. 
333 |a Исключено из фонда НТБ ТПУ 
700 1 |a Говоров  |b А. А.  |g Александр Алексеевич  |4 070 
702 1 |a Калиновский  |b Г.  |4 440 
801 0 |a RU  |b RuMRKP  |c 19950704  |g psbo 
801 1 |a RU  |b 63413507  |c 20080417  |g PSBO 
801 2 |a RU  |b 63413507  |c 20160310  |g PSBO 
942 |c BK